<?xml version="1.0" encoding="UTF-8"?>
<record
    xmlns:xsi="http://www.w3.org/2001/XMLSchema-instance"
    xsi:schemaLocation="http://www.loc.gov/MARC21/slim http://www.loc.gov/standards/marcxml/schema/MARC21slim.xsd"
    xmlns="http://www.loc.gov/MARC21/slim">

  <leader>01273nmm a22003855u 4500</leader>
  <datafield tag="999" ind1=" " ind2=" ">
    <subfield code="c">18930</subfield>
    <subfield code="d">18930</subfield>
  </datafield>
  <controlfield tag="005">20200708070039.0</controlfield>
  <controlfield tag="008">100301s2005    xx         j        eng d</controlfield>
  <datafield tag="020" ind1=" " ind2=" ">
    <subfield code="a">9781402031564</subfield>
  </datafield>
  <datafield tag="050" ind1="0" ind2="4">
    <subfield code="a">QH332 </subfield>
    <subfield code="b">K33 2005</subfield>
  </datafield>
  <datafield tag="100" ind1="1" ind2=" ">
    <subfield code="a">Kaczor, Christopher.</subfield>
  </datafield>
  <datafield tag="245" ind1="1" ind2="4">
    <subfield code="a">The Edge of Life</subfield>
    <subfield code="h">[electronic resource] :</subfield>
    <subfield code="b">Human Dignity and Contemporary Bioethics /</subfield>
    <subfield code="c">by Christopher Kaczor ; edited by Stuart F. Spicker, H. Tristram Engelhardt, Kevin Wm. Wildes.</subfield>
  </datafield>
  <datafield tag="250" ind1=" " ind2=" ">
    <subfield code="a">1a ed.</subfield>
  </datafield>
  <datafield tag="260" ind1=" " ind2=" ">
    <subfield code="a">Dordrecht :</subfield>
    <subfield code="b">Springer,</subfield>
    <subfield code="c">2005.</subfield>
  </datafield>
  <datafield tag="300" ind1=" " ind2=" ">
    <subfield code="b">v.: digital</subfield>
  </datafield>
  <datafield tag="490" ind1=" " ind2="0">
    <subfield code="a">Philosophy and Medicine ;</subfield>
    <subfield code="v">85</subfield>
  </datafield>
  <datafield tag="650" ind1=" " ind2="4">
    <subfield code="a">Bio&#xE9;tica </subfield>
    <subfield code="x">Aspectos religiosos</subfield>
    <subfield code="x">Iglesia Cat&#xF3;lica</subfield>
  </datafield>
  <datafield tag="650" ind1=" " ind2="0">
    <subfield code="a">Drechos humanos</subfield>
  </datafield>
  <datafield tag="650" ind1=" " ind2="4">
    <subfield code="a">Dignidad</subfield>
  </datafield>
  <datafield tag="700" ind1="1" ind2=" ">
    <subfield code="a">Spicker, Stuart F.</subfield>
  </datafield>
  <datafield tag="700" ind1="1" ind2=" ">
    <subfield code="a">Engelhardt, H. Tristram.</subfield>
  </datafield>
  <datafield tag="700" ind1="1" ind2=" ">
    <subfield code="a">Wildes, Kevin Wm.</subfield>
  </datafield>
  <datafield tag="710" ind1="2" ind2=" ">
    <subfield code="a">SpringerLink (Online service)</subfield>
  </datafield>
  <datafield tag="773" ind1="0" ind2=" ">
    <subfield code="t">Springer eBooks</subfield>
  </datafield>
  <datafield tag="856" ind1="4" ind2="0">
    <subfield code="u">http://dx.doi.org/10.1007/1-4020-3156-4</subfield>
  </datafield>
  <datafield tag="942" ind1=" " ind2=" ">
    <subfield code="2">lcc</subfield>
    <subfield code="c">LIE</subfield>
  </datafield>
  <datafield tag="952" ind1=" " ind2=" ">
    <subfield code="1">0</subfield>
    <subfield code="2">lcc</subfield>
    <subfield code="4">0</subfield>
    <subfield code="7">0</subfield>
    <subfield code="a">DIGITAL</subfield>
    <subfield code="b">DIGITAL</subfield>
    <subfield code="c">COLDIG</subfield>
    <subfield code="d">2012-01-23</subfield>
    <subfield code="k">CNE</subfield>
    <subfield code="o">QH332 K33 2005</subfield>
    <subfield code="p">BDIG00003344</subfield>
    <subfield code="r">2015-01-16 00:00:00</subfield>
    <subfield code="t">1</subfield>
    <subfield code="u">http://dx.doi.org/10.1007/1-4020-3156-4</subfield>
    <subfield code="v">1.00</subfield>
    <subfield code="y">LIE</subfield>
    <subfield code="z">SpringerLink</subfield>
  </datafield>
</record>
